000 00416nam a2200169 a 4500
001 0000-9173
003 ELIB.Books
008 110520 1954
035 _a(ELIB.Books)0000-9325
082 _a266.023
_bTor
100 _aTorbet, Robert G.
245 _aVenture of Faith
260 _bNew York: The Judson Press
_c1954
650 _aMission
942 _2ddc
_cBK
998 _cbat
_e2011-05-20
999 _c9173
_d9173